Library Banner

This is Islam (Record no. 41858)

MARC details
000 -LEADER
fixed length control field 00428nam a2200181Ia 4500
001 - CONTROL NUMBER
control field 43858
008 - FIXED-LENGTH DATA ELEMENTS--GENERAL INFORMATION
fixed length control field 140425s9999 xx 000 0 und d
020 ## - INTERNATIONAL STANDARD BOOK NUMBER
International Standard Book Number NA
040 ## - CATALOGING SOURCE
Transcribing agency PK-LaUMT
082 ## - DEWEY DECIMAL CLASSIFICATION NUMBER
Classification number RHC 297
Item number MUB-T
100 ## - MAIN ENTRY--PERSONAL NAME
Personal name Mubin Akhtar
245 ## - TITLE STATEMENT
Title This is Islam
Statement of responsibility, etc Mubin Akhtar
260 ## - PUBLICATION, DISTRIBUTION, ETC. (IMPRINT)
Place of publication, distribution, etc Wiscosin,USA:
Name of publisher, distributor, etc Muslim Students' Asscoiation of USA,
Date of publication, distribution, etc NA
300 ## - PHYSICAL DESCRIPTION
Extent 49 p.
546 ## - LANGUAGE NOTE
Language note EN
650 ## - SUBJECT ADDED ENTRY--TOPICAL TERM
Topical term or geographic name as entry element Islam
942 ## - ADDED ENTRY ELEMENTS (KOHA)
Koha item type Books
Holdings
Withdrawn status Lost status Damaged status Not for loan Home library Current library Date acquired Total Checkouts Full call number Barcode Date last seen Price effective from Koha item type
        UMT Main Campus UMT Main Campus 2014-04-25   RHC 297 MUB-T 47477 2014-05-06 2014-05-06 Books